Movies Quiz

Random Movies or Box Office Quiz

Top of the Box Office (2008) Quiz Stats

 Plays Quiz Updated Dec 7, 2018

Support Sporcle.
Go Orange.
Score 0/20 Timer 06:00
1 Play Today
Total Gross Movie % Correct
$531,027,799The Dark Knight
84.4%
$318,412,101Iron Man
48.3%
$223,808,164WALL-E
43.2%
$184,209,000Twilight
31.6%
$317,101,119Indiana Jones and the Kingdom of the Crystal Skull
25.8%
$227,946,274Hancock
23.5%
$134,806,913The Incredible Hulk
22.7%
$110,515,313Tropic Thunder
20.6%
$215,434,591Kung Fu Panda
18.9%
$144,130,063Mamma Mia!
18.4%
Total Gross Movie % Correct
$167,535,553Quantum of Solace
17.3%
$152,647,258Sex and the City
14.7%
$134,508,551Wanted
14.4%
$132,734,000Marley and Me
14.1%
$178,110,000Madagascar: Escape 2 Africa
13%
$112,091,984Bolt
12.9%
$141,621,490The Chronicles of Narnia: Prince Caspian
10.2%
$154,529,439Dr. Seuss' Horton Hears a Who!
8.1%
$130,319,208Get Smart
8.1%
$119,595,000Four Christmases
7.7%

From the Vault

US States Without 'T' Minefield

by goc3

Who needed that letter anyway? It was just getting in the way of saying state names faster.
Remove Ads.
Support Sporcle.
Get the best of Sporcle when you Go Orange. This ad-free experience offers more features, more stats, and more fun while also helping to support Sporcle. Thank you for becoming a member.

Show Comments

Extras

Top Quizzes Today


Score Distribution

Your Account Isn't Verified!

In order to create a playlist on Sporcle, you need to verify the email address you used during registration. Go to your Sporcle Settings to finish the process.

Report this User

Report this user for behavior that violates our Community Guidelines.

Details: